00000000cam 2200000zi 4500
0019.960351
003CaOODSP
00520260409112749
006m     o  d f      
007cr mn|||||||||
008260226e202603##onc     ob   f000 0 fre d
020 |a9780660986517
040 |aCaOODSP|bfre|erda|cCaOODSP
043 |an-cn---
0861 |aP29-32-311-2026F-PDF
24500|aSystèmes de production biologique : |blistes des substances permises.
250 |a[Édition de mars 2026].
264 1|aOttawa (Ontario) : |bOffice des normes générales du Canada : |bConseil canadien des normes, |cmars 2026.
264 4|c©2026
300 |a1 ressource en ligne (75 pages).
336 |atexte|btxt|2rdacontent/fre
337 |ainformatique|bc|2rdamedia/fre
338 |aressource en ligne|bcr|2rdacarrier/fre
4901 |aNorme nationale du Canada ; |vCAN/CGSB-32.311-2026
500 |a« Remplace CAN/CGSB-32.311-2020, Rectificatif no 1. »
500 |aPublié aussi en anglais sous le titre : Organic production systems : permitted substances lists.
500 |aLe fichier de publication en format PDF a été remplacé le 7 avril 2026 à la requête de l'Office des normes générales du Canada.
504 |aComprend des références bibliographiques (pages 2-3).
520 |a« La présente Norme nationale du Canada fournit des renseignements additionnels à la norme CAN/CGSB-32.310, Systèmes de production biologique - principes généraux et normes de gestion, en précisant les substances permises à utiliser de la façon mentionnée dans les annotations, conformément à la portée du tableau dans lequel elles sont classées. L'utilisation d'une substance d'une manière non conforme aux fonctions définies dans le tableau dans lequel elle figure n'est pas permise, sauf dans les cas prévus dans l'annotation propre à cette substance » -- Objet, page 2.
650 6|aAgriculture biologique|xNormes|zCanada.
650 6|aIndustries agricoles|xNormes|zCanada.
7102 |aOffice des normes générales du Canada, |eorganisme de publication.
7102 |aConseil canadien des normes, |eorganisme de publication.
77508|tOrganic production systems : |w(CaOODSP)9.960350
795 |tSystèmes de production biologique : |bRectificatif no 1, mars 2021|w(CaOODSP)9.894399
830#0|aNorme nationale du Canada ;|vCAN/CGSB-32.311-2026.|w(CaOODSP)9.504227
85640|qPDF|s796 Ko|uhttps://publications.gc.ca/collections/collection_2026/ongc-cgsb/P29-32-311-2026-fra.pdf
986 |aICS 67.040 / 67.120.30